00321nam a2200133Ia 4500008004100000041000800041082001700049100001600066245003700082260002700119300000900146365001600155700001600171230718s9999 xx 000 0 und d aeng a510.620bO'N aO'Neil P.V. aAdvanced Engineering Mathematics c2009bCengage Learning a1204 cRs.b550.00 aO'Neil P.V.